000 02036cam a22002778i 4500
001 21334372
003 OSt
005 20250417103111.0
008 191212s2020 nju b 001 0 eng
010 _a 2019054466
020 _a9781119457336
_q(hardback)
040 _aDLC
_beng
_erda
_cKCST
042 _apcc
050 0 0 _aR856
_b.M376 2020
082 0 0 _a610.284
_223
_bMe
245 0 0 _aMedical instrumentation :
_bapplication and design /
_cJohn G. Webster, Biomedical Engineering, University of Wisconsin, Madison, Wisconsin, Amit J. Nimunkar, Biomedical Engineering, University of Wisconsin, Madison, Wisconsin.
250 _a5th ed.
260 _aHoboken, NJ :
_bWiley,
_c2020.
300 _a898 p.
504 _aIncludes bibliographical references and index.
520 _a"This book provides biomedical engineers with the premiere reference on medical instrumentation as well as a comprehensive overview of the basic concepts. The revised edition features new material on infant apnea monitors, impedance pneumography, the design of cardiac pacemakers, and disposable defibrillator electrodes and their standards. Each chapter includes new problems and updated reference material that cover the latest medical technologies. The chapters have also been revised with new material in medical imaging, providing biomedical engineers with the most current techniques in the field. This well-established text describes the principles, applications and design of the medical instrumentation most commonly used in hospitals. Because equipment changes with time, the authors stress fundamental principles of operation and general types of equipment. Design principles are emphasized so that a scientist with only some background in electronics can gain enough information to design instruments that may not be commercially available"--
_cProvided by publisher.
650 0 _aMedical instruments and apparatus
_95628
650 0 _aPhysiological apparatus
_95629
700 1 _aWebster, John G.,
_d1932-
_eeditor.
_95630
942 _2ddc
_cBK
999 _c790
_d790